<?xml version="1.0" encoding="UTF-8"?>
<collection xmlns="http://www.loc.gov/MARC21/slim">
 <record>
  <leader>00737nas a22002051  4500</leader>
  <controlfield tag="001">1/50793</controlfield>
  <controlfield tag="008">031106c19569999enkmrzp       0   a0eng d</controlfield>
  <datafield tag="022" ind1="0" ind2=" ">
   <subfield code="a">0721-3751</subfield>
  </datafield>
  <datafield tag="035" ind1=" " ind2=" ">
   <subfield code="l">22937</subfield>
  </datafield>
  <datafield tag="090" ind1=" " ind2=" ">
   <subfield code="a">Αλφαβητική σειρά</subfield>
  </datafield>
  <datafield tag="245" ind1="0" ind2="0">
   <subfield code="a">Shipping Statistics :</subfield>
   <subfield code="b">Statistik Der Schiffahrt.</subfield>
  </datafield>
  <datafield tag="260" ind1=" " ind2=" ">
   <subfield code="a">Bremen :</subfield>
   <subfield code="b">Institute of Shipping Economics and Logistics,</subfield>
   <subfield code="c">c1956-</subfield>
  </datafield>
  <datafield tag="300" ind1=" " ind2=" ">
   <subfield code="a">v. ;</subfield>
   <subfield code="c">29 cm.</subfield>
  </datafield>
  <datafield tag="310" ind1=" " ind2=" ">
   <subfield code="a">Monthly</subfield>
  </datafield>
  <datafield tag="362" ind1="0" ind2=" ">
   <subfield code="a">Vol.19, no.1(Jan. 1975)-v.33, no.3(March 1989)</subfield>
  </datafield>
  <datafield tag="546" ind1=" " ind2=" ">
   <subfield code="a">English</subfield>
  </datafield>
  <datafield tag="650" ind1=" " ind2="4">
   <subfield code="a">Shipping</subfield>
   <subfield code="x">Statistics</subfield>
   <subfield code="v">Periodicals.</subfield>
  </datafield>
  <datafield tag="710" ind1="2" ind2=" ">
   <subfield code="a">Institute of Shipping Economics and Logistics, Bremen.</subfield>
  </datafield>
  <datafield tag="950" ind1=" " ind2=" ">
   <subfield code="c">ΑΡΧΕΙΟ ΠΕΡΙΟΔΙΚΩΝ</subfield>
   <subfield code="d">549</subfield>
  </datafield>
  <datafield tag="951" ind1=" " ind2=" ">
   <subfield code="a">Vol.19 no.1(Jan. 1975) -  (v.33 no.3(March 1989)</subfield>
   <subfield code="b">Main run</subfield>
  </datafield>
 </record>
</collection>
